| 000 | 00449nam a2200181Ia 4500 | ||
|---|---|---|---|
| 001 | 23685 | ||
| 005 | 20260414150953.0 | ||
| 008 | 260414t2011||||xx |||||||||||||| ||spa|| | ||
| 041 | _aESP | ||
| 082 |
_a690.068 _bP638 |
||
| 100 |
_aPeurifoy, Robert L. _eAUT |
||
| 245 | 0 |
_aConstruction planning, equipment, and methods _b |
|
| 260 | _c2011 | ||
| 300 |
_axv, 800 páginas : _c23 cm. |
||
| 650 | _a0 | ||
| 654 | _aCIC | ||
| 942 |
_cLIB _dJUS _fJUS _2ddc _n |
||
| 999 |
_c23685 _d23685 |
||